Protect, serve, and deport : the rise of policing as immigration enforcement /

"Protect, Serve, and Deport exposes the on-the-ground workings of local immigration enforcement in Nashville, Tennessee. Between 2007 and 2012, Nashville's local jail participated in an immigration enforcement program called 287(g), which turned jail employees into immigration officers who...

Full description

Bibliographic Details
Main Author: Armenta, Amada, 1982- (Author)
Corporate Author: JSTOR (Organization)
Format: eBook
Language:English
Published: Oakland, California : University of California Press, [2017]
Subjects:
Online Access:Connect to the full text of this electronic book

MARC

Tag First Indicator Second Indicator Subfields
LEADER 00000cam a2200000 i 4500
001 in00004635110
006 m o d
007 cr |||||||||||
008 170327t20172017caua ob s000 0 eng
005 20230103223407.2
010 |a  2017014271 
035 |a (OCoLC)ocn979994352 
040 |a DLC  |b eng  |e rda  |c DLC  |d SHC  |d OCLCF 
019 |a 992145831  |a 1048156047  |a 1076732116  |a 1088312117  |a 1091432134  |a 1107371915  |a 1111217830  |a 1115079496  |a 1135567738  |a 1153004429  |a 1159388223  |a 1164940417  |a 1166258751  |a 1170305629  |a 1170799175  |a 1171267872  |a 1229838204  |a 1247578868 
020 |a 9780520968868  |q (ebook) 
020 |a 0520968867 
020 |z 9780520296305  |q (softcover) 
035 |a (OCoLC)979994352  |z (OCoLC)992145831  |z (OCoLC)1048156047  |z (OCoLC)1076732116  |z (OCoLC)1088312117  |z (OCoLC)1091432134  |z (OCoLC)1107371915  |z (OCoLC)1111217830  |z (OCoLC)1115079496  |z (OCoLC)1135567738  |z (OCoLC)1153004429  |z (OCoLC)1159388223  |z (OCoLC)1164940417  |z (OCoLC)1166258751  |z (OCoLC)1170305629  |z (OCoLC)1170799175  |z (OCoLC)1171267872  |z (OCoLC)1229838204  |z (OCoLC)1247578868 
042 |a pcc 
050 1 0 |a JV7095 
082 0 0 |a 363.259/1370976855  |2 23 
049 |a TXAM 
100 1 |a Armenta, Amada,  |d 1982-  |e author. 
245 1 0 |a Protect, serve, and deport :  |b the rise of policing as immigration enforcement /  |c Amada Armenta. 
264 1 |a Oakland, California :  |b University of California Press,  |c [2017] 
300 |a 1 online resource :  |b illustrations 
336 |a text  |b txt  |2 rdacontent 
337 |a computer  |b c  |2 rdamedia 
338 |a online resource  |b cr  |2 rdacarrier 
504 |a Includes bibliographical references. 
505 0 |a Who polices immigration? : establishing the role of state and local law enforcement agencies in immigration control -- Setting up the local deportation regime -- Policing immigrant Nashville -- The driving to deportation pipeline -- Inside the jail -- Lost in translation : two worlds of immigration policing. 
520 |a "Protect, Serve, and Deport exposes the on-the-ground workings of local immigration enforcement in Nashville, Tennessee. Between 2007 and 2012, Nashville's local jail participated in an immigration enforcement program called 287(g), which turned jail employees into immigration officers who identified over ten thousand removable immigrants for deportation. The vast majority of those identified for removal were not serious criminals, but Latino residents arrested by local police for minor violations. Protect, Serve, and Deport explains how local politics, state laws, institutional policies, and police practices work together to deliver removable immigrants into an expanding federal deportation system, conveying powerful messages about race, citizenship, and belonging."--Provided by publisher. 
588 |a Description based on print version record and CIP data provided by publisher; resource not viewed. 
650 0 |a Immigration enforcement  |z Tennessee  |z Nashville. 
651 0 |a Nashville (Tenn.)  |x Emigration and immigration  |x Government policy. 
650 0 |a Noncitizens  |x Government policy  |z United States. 
650 0 |a Latin Americans  |z Tennessee  |z Nashville. 
651 0 |a United States  |x Emigration and immigration  |x Government policy. 
650 7 |a Emigration and immigration  |x Government policy.  |2 fast  |0 (OCoLC)fst00908700 
650 7 |a Immigration enforcement.  |2 fast  |0 (OCoLC)fst01748828 
650 7 |a Latin Americans.  |2 fast  |0 (OCoLC)fst00993069 
650 7 |a Noncitizens  |x Government policy.  |2 fast  |0 (OCoLC)fst00805291 
651 7 |a Tennessee  |z Nashville.  |2 fast  |0 (OCoLC)fst01204195 
651 7 |a United States.  |2 fast  |0 (OCoLC)fst01204155 
655 7 |a Electronic books.  |2 local 
710 2 |a JSTOR (Organization) 
776 0 8 |i Print version:  |a Armenta, Amada, 1982- author.  |t Protect, serve, and deport  |d Oakland, California : University of California Press, [2017]  |z 9780520296305  |w (DLC) 2017009460 
856 4 0 |u https://www.jstor.org/stable/10.1525/j.ctt1w8h204  |z Connect to the full text of this electronic book  |t 0 
955 |a JSTOR Open Access ebooks 
994 |a 92  |b TXA 
999 f f |s a552e302-a1c2-4b9a-9f97-996c57942593  |i 4f369728-f7e6-4dac-a321-570fd1bb566e  |t 0 
952 f f |a Texas A&M University  |b College Station  |c Electronic Resources  |d Available Online  |t 0  |e JV7095   |h Library of Congress classification 
998 f f |a JV7095   |t 0  |l Available Online